El movimiento de los trabajadores y la seguridad social: elementos para una estrategia /

Đã lưu trong:
Chi tiết về thư mục
Tác giả chính: Tesch, Walter
Định dạng: Texto
Những chủ đề:
Các nhãn: Thêm thẻ
Không có thẻ, Là người đầu tiên thẻ bản ghi này!

MARC

LEADER 00000 a a2200000 04500
001 47450
003
040
090 |a REV0857 5 (12) 1979  
100 |a Tesch, Walter  
245 |a El movimiento de los trabajadores y la seguridad social:   |b elementos para una estrategia /  |c Walter Tesch  
650 |a SEGURIDAD SOCIAL  
650 |a TRABAJADORES  
650 |a MOVIMIENTOS OBREROS  
650 |a SEGURO SOCIAL  
650 |a ASPECTO ECONOMICO  
650 |a ASPECTO POLITICO  
773 |g volumen5, número12, enero-abril (1979)  
999 |c 27031  |d 27031